000 00394nam a22001697a 4500
005 20160620160504.0
008 160620b xxu||||| |||| 00| 0 eng d
020 _a978-81-203-8434-0
041 _aeng
082 _b8597
100 _aLuck, David J and Revben Ronald S
_92346
245 _aMarketing Research
260 _bPHI
300 _a666
650 _aManagement
_9241
942 _cBK
999 _c3317
_d3316